000 00430nam a2200181Ia 4500
001 2582
005 20260306144817.0
008 260306t1976||||xx |||||||||||||| ||spa||
041 _aESP
082 _a616.89152
_bS59
100 _aSlavson, S.R.
_eAUT
245 0 _aTratado de psicoterapia grupal analítica
260 _c1976
300 _a487 páginas :
_ccm.
650 _aGEN
654 _aCPS
942 _cLIB
_dJUS
_fJUS
_2ddc
_n
999 _c2582
_d2582